000 01247nam a2200337 a 4500
001 000114093
003 CHAP
005 20220329144426.0
008 171027s2016 mx a fsm |||||||spa d
010 _a110554
011 _a111526
040 _cCHAP
090 _aTesis
100 1 _aDecena Alegre, Ivan Uriel
_9133969
245 1 0 _aEfecto de desparasitantes químicos sobre el comportamiento productivo de hembras y machos, en conejos postdestete /
_h[En línea]
_cpor Ivan Uriel Decena Alegre.
260 _aChapingo, Méx. :
_bEl autor,
_c2016.
500 _aPara ver el contenido del material haga clic en la liga
502 _aTesis (Ing. Agrónomo Zootecnista) -- Colegio Superior Agropecuario del Estado de Guerrero
590 _aE8697GMM
_b05
_c20171027
_lUCH01
_h1157
590 _aE8697GMM
_b05
_c20171027
_lUCH01
_h1635
590 _aE8697GMM
_b05
_c20171103
_lUCH01
_h0913
590 _aE8697GMM
_b05
_c20171103
_lUCH01
_h0914
650 1 4 _aConejos
_xAlimentación.
_926353
650 1 4 _aConejos
_xParásitos.
_926373
650 1 4 _aConejos
_xPeso.
_926374
650 1 4 _aConejos
_xProducción.
_926375
856 _aFinding aid
_uhttp://10.13.5.2/tesis/sist114093.pdf
_zTeclea aquí
901 _aBK
942 _cTESIS
942 _n0
999 _c110554
_d110554